00933nam a2200193 a 450000100100000000500170001000800410002702000180006804000250008608200280011124500860013926000530022530000210027859000260029995201400032595201260046595201310059199900170072200004899620201002061556.0190712s2018 dr r 000 0 spa d a9789945905274 aDO-SdBNPbspacBNPHU a342.729302bR426c, 201800aConstitución de la República Dominicana :bproclamada el 13 de junio de 2015. aSanto Domingo :bTribunal Constitucional,c2018. a301 p. ;c12 cm. aInventariado, 2019/BT 001054708DSaGRbGRcHDd2019-07-12iLF1l0o342.729302 R426c, 2018p48997-30r2020-06-25te.3w2020-06-25yLFDSZPréstamo en sala 0010718PDaPDbPDcHDd2019-07-12iLF1l0o342.729302 R426c, 2018p48997-10r2020-06-25w2020-06-25yLFPDZNo se presta 0010718PDaPDbPDcHDd2019-07-12iLF1l0o342.729302 R426c, 2018p48997-20r2020-06-25te.2w2020-06-25yLFPDZNo se presta c48484d48484